|
|
|
|
| LEADER |
00000nam a22000007a 4500 |
| 005 |
20120320135212.0 |
| 007 |
cr|||| |||| |
| 008 |
120320s1973 br |||||s|||| 00||0 por d |
| 035 |
|
|
|a 6269
|
| 040 |
|
|
|a vLex
|
| 090 |
|
|
|c 3068
|d 3068
|
| 245 |
1 |
2 |
|a O artigo 6ð da constituiȯ̂ e a intervenȯ̂ de 1920 na Bahia (1920)
|h [Recurso electrn̤ico] /
|c Ruy Barbosa de Oliveira
|
| 256 |
|
|
|a Servicio en ln̕ea
|
| 300 |
|
|
|a 1 recurso electrn̤ico
|
| 500 |
|
|
|a Dentro de : Obras Completas de Rui Barbosa
|
| 506 |
1 |
|
|a Contenido solo disponible en los productos indicados
|d vLex Global
|d vLex Global (Academic Edition, excluding Law Schools)
|d vLex Global (U.S. Academic Edition, Law Schools)
|d vLex Global (U.S. Academic Edition, excluding Law Schools)
|d vLex Global (Academic Edition, Law Schools)
|
| 650 |
0 |
4 |
|a Derecho constitucional
|z Brasil
|
| 740 |
0 |
|
|a vLex Libros (Servicio en ln̕ea)
|
| 830 |
|
0 |
|a Obras Completas de Rui Barbosa
|
| 856 |
4 |
0 |
|u http://vlex.com/source/obras-completas-de-rui-barbosa-tomo-iv-vol-xlvii-6269
|z Acceso restringido
|
| 942 |
|
|
|c BOOK
|
| 999 |
0 |
|
|a Constitutional law
|